[Event "Dos Hermanas"]
[Site "Dos Hermanas"]
[Date "1997.04.04"]
[Round "3"]
[White "Polgar, Judit"]
[Black "Gelfand, Boris"]
[Result "1/2-1/2"]
[WhiteElo "2645"]
[BlackElo "2700"]
[Annotator "Gelfand,B"]
[PlyCount "57"]
[EventDate "1997.04.01"]
[EventType "tourn"]
[EventRounds "9"]
[EventCountry "ESP"]
[EventCategory "19"]
[SourceTitle "CBM 059"]
[Source "ChessBase"]
[SourceDate "1997.08.01"]
[SourceVersion "1"]
[SourceVersionDate "1997.08.01"]
[SourceQuality "1"]

1. e4 {Tyomkin,D} c5 2. Nf3 d6 3. d4 cxd4 4. Nxd4 Nf6 5. Nc3 a6 6. Bd3 g6 7. f4
Bg7 8. Nf3 O-O 9. O-O Nbd7 10. Qe1 Nc5 11. Be3 $146 (11. Qh4 d5 (11... b5 {
Tyomkin,D} 12. a3 Rb8 $1 {[%csl Rb2,Re4][%cal Gb5b4] /\ b4 >< b2,e4 <=>
Kindermann}) 12. e5 Nfe4 13. Be3 Nxd3 14. cxd3 Nxc3 15. bxc3 Bd7 $14 {
Kindermann-Browne,84}) 11... Nxd3 (11... b6 12. e5) (11... b5 {Tyomkin,D} 12.
Bxc5 dxc5 13. e5 Nd7 14. a4 b4 15. Ne4 Qc7 16. b3 $14) 12. cxd3 b5 13. a3 (13.
e5 dxe5 14. fxe5 Nd5 15. Ne4 $13 {Polgar,J}) 13... Bd7 (13... Bb7 $5 14. Qh4 (
14. f5 gxf5 15. Nh4 e6 16. exf5 e5) 14... e6 (14... d5 15. e5 d4 16. Nxd4 Nd5
17. Nxd5 Qxd5 $13) 15. f5 exf5 16. exf5 $36) 14. h3 (14. e5 $2 {Tyomkin,D} Ng4)
14... a5 15. e5 (15. Bd4 $5 Bc6 (15... b4 16. axb4 axb4 17. Rxa8 Qxa8 18. Bxf6
exf6 19. Nd5 f5 20. Qxb4) 16. b4 axb4 17. axb4 $14) 15... Ne8 (15... dxe5 16.
fxe5 Ne8 17. Qh4 {xc5}) 16. Qh4 f6 17. Ne4 (17. Rae1 $5) (17. exf6 Nxf6 (17...
exf6 18. Nd4 f5 $11) 18. Bd4 e6 {/\Nh5}) 17... Nc7 (17... Ra6 18. exd6 (18. e6
Bxe6 19. Neg5 fxg5 20. Nxg5 Rf6 21. Bd4 (21. Qxh7+ Kf8 22. Nxe6+ Rxe6 23. f5
Rxe3 24. fxg6+ Nf6 $19) 21... Bd5 22. Qxh7+ Kf8 23. Bxf6 exf6 (23... Nxf6 24.
Qxg6) 24. Nf3 $13) (18. Rae1 Nc7) 18... exd6 (18... Nxd6 19. Nc5 $14) 19. Ng3 {
/\f5}) (17... dxe5 $5 {Tyomkin,D} 18. fxe5 Bf5 19. Nd4 (19. Ng3 Bxd3 (19... g5
20. Qh5 Bg6 21. Qg4 Qxd3 22. Bc5 $36) 20. Rfd1 (20. Rad1 fxe5) 20... fxe5 21.
Ng5 (21. Ne1 e4 22. Nxe4 Rf1+ 23. Kh2 Bxe4 $17) 21... h6 22. Ne6 g5 23. Qh5 Nf6
24. Qf3 e4 $17) 19... fxe5 20. Ng5 h6 21. Nge6 Qd6 (21... Bxe6 22. Rxf8+ (22.
Nxe6 Rxf1+ 23. Rxf1 Qxd3 24. Bxh6 Bf6 25. Qg4 Nd6 $13) 22... Bxf8 23. Nxe6 Qxd3
24. Bxh6 $16) 22. Nxf8 (22. Nxf5 Rxf5 23. Nxg7 Nxg7 24. Bxh6 Raf8) 22... exd4
23. Bxh6 Qf6 24. Qxf6 exf6 (24... Nxf6 $2 25. Bxg7 Kxg7 26. Rxf5 $16) (24...
Bxf6 25. Rae1 Bxd3 $14) 25. Rxf5 gxf5 26. Bxg7 Nxg7 27. Ng6 (27. Nd7 Kf7 28.
Rc1 Ne6) 27... Kf7 28. Nf4 Rc8 29. Re1 $14) 18. Rae1 (18. exd6 exd6 19. Nxd6
Bc6 (19... Bxh3 $5 20. Bc5 Be6 21. Nb7 Qd5) 20. Bc5 Ne6 21. d4 Qd7 $44) 18...
Nd5 (18... Ra6 $5 $13) 19. e6 $5 (19. Bd4 dxe5 20. fxe5 Bf5 $13) (19. Bd2 dxe5
20. fxe5 b4 $132) (19. exd6 {Tyomkin,D} Nxe3 $5 (19... exd6 20. Bd4 f5 21. Qxd8
Raxd8 22. Nxd6 Nxf4 23. Bxg7 Kxg7 24. Ne5 $14 Nxd3 $140 25. Nxd3 Bc6 26. Nf4
Rxd6 27. Ne6+ $16) 20. dxe7 Qxe7 21. Rxe3 Rac8 22. Rfe1 Rc2 $44) 19... Nxe3 (
19... Bxe6 20. Neg5 (20. Nd4 Bf7 21. f5 Nxe3 22. Rxe3 Qb6 $17) 20... fxg5 21.
Nxg5 Rf6 22. Bd4 (22. Bd4 {Tyomkin,D} Bf5 23. Qxh7+ Kf8 $17) (22. Qxh7+ Kf8 {
[%cal Ge6g8]} 23. Nxe6+ (23. Bd4 Bg8) 23... Rxe6 24. f5 Rxe3 (24... Rf6) 25.
fxg6+ Nf6 26. Rxe3 Qb6 27. Rff3 Qxe3+ 28. Rxe3 Nxh7 $19)) 20. Rxe3 Qb6 21. Rfe1
(21. d4 Bxe6 22. Neg5 fxg5 23. Nxg5 h5 24. Nxe6 Bxd4 25. Nxd4 Qxd4 $15) 21...
Bxe6 22. Neg5 (22. Nf2 Bd5 23. Rxe7 Rf7) 22... fxg5 23. Nxg5 Rf6 24. Kh1 Bf7
25. Rxe7 (25. Qxh7+ Kf8 26. Rxe7 Qf2 $1 $15 (26... Ra7 27. R7e2 $13)) 25... h6
(25... Ra7 26. Re8+ Bxe8 27. Rxe8+ Bf8 28. Nxh7 $1 $11 {Polgar,J} Rxh7 (28...
Rff7 29. Nf6+ Kg7 30. Re6) (28... Rf5 29. Nf6+ Kf7 (29... Rxf6 30. Qxf6 Rf7 {
-28...Rh7}) 30. Qh7+ Kxf6 31. Rxf8+ Ke6 32. Qxg6+ $18) 29. Qxf6 Rxh3+ $140 $4 (
29... Rf7 {Tyomkin,D} 30. Qxg6+ Rg7 31. Qf6 Rf7 32. Qg6+ $11) 30. gxh3 Qc6+ 31.
Re4) 26. Nxf7 Rxf7 27. Rxf7 Kxf7 28. Re7+ Kg8 29. Rxg7+ $1 1/2-1/2

[Event "Belgrade Investbank"]
[Site "Belgrade"]
[Date "1995.??.??"]
[Round "10"]
[White "Leko, Peter"]
[Black "Gelfand, Boris"]
[Result "0-1"]
[WhiteElo "2605"]
[BlackElo "2685"]
[Annotator "Gelfand,B"]
[PlyCount "80"]
[EventDate "1995.11.??"]
[EventType "tourn"]
[EventRounds "11"]
[EventCountry "YUG"]
[EventCategory "17"]
[SourceTitle "CBM 051"]
[Source "ChessBase"]
[SourceDate "1996.04.01"]
[SourceVersion "1"]
[SourceVersionDate "1996.04.01"]
[SourceQuality "1"]

1. e4 {Boensch} c5 2. Nf3 d6 3. d4 cxd4 4. Nxd4 Nf6 5. Nc3 a6 6. f4 e5 (6...
Nbd7 {Boensch} 7. Be2 (7. Qf3 e5 8. Nf5 b5 9. a3 Bb7 10. Bd3 g6 11. Ne3 exf4
12. Qxf4 Ne5 13. a4 b4 14. Ncd5 Bxd5 15. exd5 b3 16. Nc4 Nh5 17. Qe3 Bg7 18.
cxb3 O-O $44 {Ljubojevic,L-Gelfand,B Belgrade (01) 1995 1/2 25 - CBM 51}) (7.
a4 g6 8. Nf3 Qc7 9. Bd3 Bg7 10. O-O O-O 11. Qe1 e6 12. Qh4 b6 13. Be3 Bb7 14.
Rae1 Rae8 15. Bd4 e5 16. fxe5 dxe5 $10 {Svidler,P-Lautier,J Groningen (06)
1995 1-0 40 - CBM 51}) 7... g6 8. O-O Bg7 9. a4 O-O 10. Bf3 (10. Kh1 Re8 11.
Bf3 e5 12. Nb3 exf4 13. Bxf4 Ne5 14. Be2 Be6 15. Bg5 h6 16. Bh4 Rc8 17. Nd4 Nc4
18. Nxe6 Rxe6 19. Bxc4 Rxc4 $10 {Leko,P-Lautier,J Belgrade (06) 1995 1/2 32 -
CBM 51}) 10... e5 11. fxe5 Nxe5 12. Kh1 h6 13. Bf4 Bd7 14. Be2 Rc8 15. Qd2 Kh7
16. Rad1 Bg4 17. Bxg4 Nfxg4 18. Nd5 Nc4 19. Qe2 Nge5 20. b3 $14 {Leko,
P-Topalov,V Belgrade (03) 1995 1-0 58 - CBM 51}) 7. Nf3 Nbd7 8. a4 Be7 9. Bd3 (
9. Bc4 {Boensch} Qa5 10. Qe2 O-O 11. O-O exf4 12. Bxf4 Ne5 13. Nd5 Nxd5 14.
Bxd5 Nxf3+ 15. Qxf3 Be6 16. Bxe6 fxe6 17. Qb3 Qc5+ 18. Kh1 Qc8 {1/2 Leko,
P-Gelfand,B Wijk (05)1996 - CBM 51}) 9... O-O 10. O-O exf4 11. Bxf4 Qb6+ 12.
Kh1 Qxb2 13. Nd5 (13. Qd2 {Boensch} Qb6 14. Nd5 Nxd5 15. exd5 Nc5 16. Ng5 Bxg5
17. Bxg5 f6 $17 {Vogt,L-Gelfand,B Halle 1987}) (13. Qe1 {Boensch} Qb6 (13...
Qb4 $6 14. Rb1 Qc5 15. Nd5 Nxd5 16. exd5 Bf6 17. c4 Qc7 18. Qg3 Ne5 19. Bg5
Bxg5 20. Bxh7+ $1 Kxh7 21. Nxg5+ Kh6 22. Qh4+ Kg6 23. Rb3 $1 $40 {Vogt,
L-Womacka,M DDR-ch 1989}) 14. Rb1 $6 Qd8 15. e5 dxe5 16. Nxe5 Nc5 $1 17. Bc4
Be6 $17 {Zarnicki,P-Dvoirys,S Biel (izt) 1993}) 13... Nxd5 14. exd5 Nc5 (14...
Ne5 {Boensch} 15. Rb1 Qc3 16. Nxe5 dxe5 17. Bg3 Bd6 18. Qh5 g6 19. Qh6 f5 $17 {
Schneider,L-Ornstein,A SVE-ch Borlange (10) 1995 1/2 42 - EXP 49}) (14... Qb6 {
Boensch} 15. Qe2 (15. Qe1 Qd8 16. c4 (16. Qg3 Nc5 17. Rae1 Nxd3 18. cxd3 Bf5
19. Re3 Re8 20. Rfe1 Qd7 21. a5 Bf8 22. Rxe8 Rxe8 23. Rxe8 Qxe8 24. Bxd6 Bxd6
25. Qxd6 f6 $15 {De Firmian,N-Van Wely,L Akureyri 1994}) 16... Nc5 17. Bc2 Bg4
18. Qg3 Bxf3 19. Rxf3 Bh4 (19... f5 $2 20. Raf1 g6 21. Bh6 Bh4 22. Qh3 Rf7 23.
Bxf5 $1 $40 {Reinderman,D-Dvoirys,S Leeuwarden 1993}) 20. Qh3 g6 21. Bh6 $146 (
21. Raf1 $6 Bg5 $1 22. Bg3 f5 23. Bf2 Nd7 24. Bd4 Bf6 $17 {Nijboer,
F-Woitkiewicz,A Antwerpen 1993}) 21... Bf6 22. Raf1 Bg7 23. g4 $1 f6 $6 24.
Bxg6 $5 hxg6 25. Bxg7 Kxg7 26. g5 Rh8 27. gxf6+ Kf7 28. Qg3 $1 $44 {Jepson,
Ch-Rodriguez,Am Mondariz Balneario op (4) 1994 0-1 43}) 15... Bf6 16. Rab1 Qc5
17. c4 Qc7 18. Bg5 Qd8 19. Qe4 g6 20. Qh4 h5 21. Bxf6 Qxf6 22. Ng5 Qe7 23. Rbe1
Ne5 24. c5 $44 {Kindermann,S-Ftacnik,L Pardubice (07) 1994 1/2 48}) 15. Qe2 $1
$146 (15. Re1 $2 Bg4 $1 {Tischbierek,R - Lutz,C/Hamburg Wiechern/1995/ ;EXT 96}
) (15. Bg5 {Boensch} Bxg5 16. Bxh7+ Kxh7 17. Nxg5+ Kg8 18. Qh5 Bf5 $19) 15...
Nxd3 16. Qxd3 Qb4 17. Bg5 (17. c4 {Boensch} Bf6 18. Ng5 Bxg5 (18... g6 $2 19.
Bxd6 Qxd6 20. Ne4 $18) 19. Bxg5 $44) 17... Bxg5 (17... f6 $5) 18. Nxg5 Qh4 (
18... g6 {Boensch} 19. c4 $40) 19. Ne4 (19. Qe3 Bd7 20. Qe7 Rae8 21. Qxd6 Qxg5
22. Qxd7 Re2 23. Rg1 $10) 19... Rd8 $6 (19... Qe7 20. Rae1 f5 21. Nc5 Qf6 22.
Ne6 Bxe6 (22... Rf7 23. g4 $5 $16 (23. Qa3 Bxe6 24. dxe6 Re7 25. Qxd6 Rae8))
23. dxe6 Rae8 $14) 20. Qe3 $1 f5 (20... Bg4 $2 {Boensch} 21. Qf4 $16) (20... h6
{Boensch} 21. Qb6 Bh3 $1 22. Rae1 (22. Nxd6 $2 Bxg2+ 23. Kxg2 Qg5+ 24. Kh3 Qh5+
25. Kg3 Qe5+ $19) 22... Re8 23. Qxb7 Rxe4 24. Qxa8+ Kh7 25. Rxe4 Qxe4 26. Rg1
Bxg2+ 27. Rxg2 Qe1+ 28. Rg1 Qe4+ $10) 21. Nxd6 Qf6 (21... h6 22. Nxf5 Bxf5 23.
Rxf5 Qc4 $16) 22. Nc4 $3 (22. Nxc8 Raxc8 $10) (22. Ne8 Qf7 23. Rae1 b5 24. d6
bxa4 25. Nc7 Rb8 $13) 22... Bd7 (22... b5 23. axb5 Rb8 24. Na5 $1 Rxb5 25. Nc6
$18) 23. Nb6 f4 $1 24. Qb3 $2 (24. Qf2 Rab8 25. Rae1 (25. c4 {Boensch} g5 26.
c5 $14) 25... Bg4 26. c4 $16) 24... Rab8 25. Rae1 Bg4 $1 26. h3 (26. Re4 g5 $1
$13) 26... Bh5 27. c4 $2 (27. Re4 g5 $1 (27... f3 28. gxf3 Qf5 29. Kh2 Rd6 30.
Nc4 $1) 28. h4 Qf5 $132) 27... f3 $1 28. c5 $2 (28. gxf3 {Boensch} Re8 $40) (
28. g4 $2 {Boensch} Bxg4 $19) 28... Re8 $1 $17 29. d6+ Kh8 30. Rxe8+ (30. g3
Rxe1 31. Rxe1 f2 $19) (30. g4 Bxg4 $1) (30. d7 Rxe1 31. Rxe1 Rf8 $1 (31... f2
32. Rf1 Be2 33. Qg3 $1) (31... fxg2+ 32. Kxg2 Rf8 33. Qg3 Bf3+ 34. Kh2 Bc6 $19)
) (30. Nd7 {Boensch} Rxe1 31. Rxe1 (31. Nxf6 Rxf1+ 32. Kh2 fxg2 33. Kxg2 Rxf6
$19) 31... Qh4 32. Rf1 Qg3 33. Rxf3 Bxf3 34. Qxf3 Qxf3 35. gxf3 Re8 $17) 30...
Rxe8 31. gxf3 (31. g3 $142 Qg5 32. Qb2 (32. d7 Rf8) 32... Qxg3 33. Qh2 Qh4 34.
d7 Rf8 $17) (31. Rxf3 Bxf3 32. Qxf3 Re1+ 33. Kh2 Qe5+ $19) 31... Qh4 $1 32. f4
Re1 $1 $19 (32... Be2 33. d7 Rf8 34. Rf3 Bxf3+ 35. Qxf3 $15) 33. Rxe1 (33. Kg1
Be2 34. Rxe1 Qxe1+ 35. Kg2 Qf1+ 36. Kg3 Qg1+ 37. Kh4 g5+ 38. fxg5 Qf2+ $19) (
33. Kg2 Bg6 $1) (33. Qd3 {Boensch} Be2 $19) 33... Qxe1+ 34. Kg2 Bg6 $1 35. f5 (
35. h4 Be4+ 36. Kh3 Qf2 $19) (35. Kf3 {Boensch} Qf1+ 36. Kg4 h5+ 37. Kg5 Bd3 $1
38. Qe6 Qg2+ 39. Kh4 Qf2+ 40. Kxh5 Qxf4 41. d7 g6+ $19) 35... Bxf5 36. Qb2 (36.
Kf3 Qf1+ $1) 36... Be4+ 37. Kh2 Qh1+ 38. Kg3 Qf3+ 39. Kh2 (39. Kh4 {Boensch}
Qf4+ 40. Kh5 Bg6#) 39... Qf4+ 40. Kg1 Qg3+ (40... Qg3+ {Boensch} 41. Kf1 Bd3+
$19) 0-1

[Event "Bundesliga 9798"]
[Site "Germany"]
[Date "1997.12.06"]
[Round "5.1"]
[White "Lutz, Christopher"]
[Black "Georgiev, Kiril"]
[Result "1/2-1/2"]
[WhiteElo "2590"]
[BlackElo "2670"]
[Annotator "Georgiev,Ki/Kostakiev,D"]
[PlyCount "115"]
[EventDate "1997.10.18"]
[EventType "team-tourn"]
[EventRounds "15"]
[EventCountry "GER"]
[SourceTitle "CBM 062"]
[Source "ChessBase"]
[SourceDate "1998.01.31"]
[SourceVersion "1"]
[SourceVersionDate "1998.01.31"]
[SourceQuality "1"]
[WhiteTeam "Porz"]
[BlackTeam "Bochum"]
[WhiteTeamCountry "GER"]
[BlackTeamCountry "GER"]

1. e4 c5 2. Nf3 d6 3. d4 cxd4 4. Nxd4 Nf6 5. Nc3 a6 6. Be2 g6 7. O-O (7. g4 $5
$146) (7. Be3 Bg7 8. Qd2 Nbd7 9. Bh6 $5 Bxh6 10. Qxh6 b5 11. O-O-O Bb7 12. Rhe1
$15 {0-1 Ninov,N-Georgiev,Ki/Odorheiu Secuiesc (zt) 64/213 1995} (12. Bf3 $142)
) 7... Bg7 8. Be3 O-O 9. f4 Nbd7 (9... Nc6 10. Kh1 Nxd4 11. Bxd4 Be6 12. Qd2
Rc8 13. Rad1 b5 14. Bf3 b4 15. Nd5 Nxd5 16. Bxg7 Kxg7 17. exd5 Bf5 $14 {
1-0 Lutz,Christopher-Xu Jun/Bad Homburg (04) 1997}) 10. Kh1 Re8 (10... Qc7 11.
g4 e5 12. Nb3 exf4 13. Rxf4 (13. Bxf4 $142 $14) 13... b5 14. g5 Ne8 15. Nd5 Qd8
16. Qd2 $15 {1-0 Acs,Peter-Videki,Sandor/Budapest (10) 1997} (16. Rf1)) 11. a4
b6 (11... e5 $5) 12. Bf3 e5 13. Nc6 $1 {[/\Nb4/\Xd5]} Qc7 14. fxe5 Nxe5 15.
Nxe5 dxe5 16. Qe1 Be6 17. Qf2 Rab8 18. Rad1 (18. Rfd1 $5 b5 $140 19. axb5 axb5
20. Ra7 Qc6 21. Nd5 $16) 18... b5 19. axb5 axb5 20. Nd5 Qb7 $1 21. Nxf6+ $6 (
21. Bg5 $142 Bxd5 22. exd5 Nd7 23. d6 e4 24. Be2 f5 25. c3 $13) 21... Bxf6 22.
Bg4 Bg7 23. Bxe6 Rxe6 24. Bc5 $2 (24. Rd5 $11) 24... Rf6 25. Qe2 Rxf1+ 26. Rxf1
Rc8 27. Bg1 $6 (27. b4 $142) 27... b4 28. h3 h5 29. Qd3 Qc6 30. Rf2 Bh6 31. Qb3
$6 $138 (31. Bh2 $142) 31... Qc4 32. Qxc4 Rxc4 33. Re2 b3 (33... f6 $5 {
[/\ Kf7-e6]}) 34. cxb3 Rb4 35. Bf2 Rxb3 36. Be1 Rd3 37. g3 Be3 38. Bc3 Bd4 $6
$138 (38... f6 $142) 39. Bxd4 Rxd4 40. Kg2 Rb4 41. h4 $1 Kg7 42. Kf3 Rb3+ 43.
Kf2 Kf6 44. Rd2 Ke6 45. Rc2 Rb6 46. Ke3 f5 $6 (46... Rb3+ 47. Kf2 Kd6) 47. Rc4
$1 Rxb2 48. Rc6+ Kf7 49. Rc7+ Kf6 50. Rc6+ Kg7 51. Rc7+ Kh6 52. exf5 gxf5 53.
Rc5 $11 Rb3+ 54. Kf2 f4 55. gxf4 exf4 56. Rf5 f3 57. Rxf3 Rxf3+ 58. Kxf3
1/2-1/2

[Event "POL-ch 54th"]
[Site "Sopot"]
[Date "1997.??.??"]
[Round "5"]
[White "Maciejewski, Miroslaw"]
[Black "Kempinski, Robert"]
[Result "0-1"]
[WhiteElo "2355"]
[BlackElo "2515"]
[Annotator "Gershon,A"]
[PlyCount "100"]
[EventDate "1997.03.18"]
[EventType "tourn"]
[EventRounds "15"]
[EventCountry "POL"]
[EventCategory "9"]
[SourceTitle "CBM 059"]
[Source "ChessBase"]
[SourceDate "1997.08.01"]
[SourceVersion "1"]
[SourceVersionDate "1997.08.01"]
[SourceQuality "1"]

1. e4 c5 2. Nf3 d6 3. d4 cxd4 4. Nxd4 Nf6 5. Nc3 a6 6. f4 e5 7. Nf3 Nbd7 8. a4
Be7 9. Bd3 exf4 10. O-O O-O 11. Kh1 Ne5 12. Bxf4 Qc7 13. Bg5 (13. Qd2 Re8 $2
$146 (13... Be6 14. Nd4 Rac8 {- 45/297}) 14. Nd4 Qc5 $6 (14... Be6 15. Bxe5 (
15. Rae1 Rac8 16. Nf5 $14) 15... dxe5 16. Nxe6 fxe6 17. Qe2 Rad8 18. Nd1 Bc5
19. b3 (19. Ne3 Rf8 20. Nc4 $1 $10 { a5, c3, b4 Byrne,R; Mednis,E} (20. Ng4 $6
Nd7 $1 21. Bc4 $6 Qc6 22. Bb3 $6 h5 $1 $17 {(+)>>b3, a4, e4 = Sherzer,
A-Wojtkiewicz,A/Pleasantville 1993})) 19... Rf8 20. Ne3 Bxe3 21. Qxe3 Rd7 22.
Qh3 Qc6 23. Rf3 g6 24. Raf1 $14 {Hjartarson,J-Wojtkiewicz,A/Reykjavik op 1994/
0-1 (59)}) 15. Be3 $1 Nc4 (15... Neg4 16. Bg1 $16) (15... Nfg4 16. Nd5 $16 {
/\ b4}) 16. Bxc4 Qxc4 17. b3 Qb4 $2 18. Qd3 $1 {/\ Nf5, Bd4; /\ a5, Ra4} Qa5
19. Nf5 Bxf5 (19... Nxe4 20. Nxg7 $16) 20. Rxf5 Qd8 21. Bd4 Nd7 22. Nd5 $18 g6
23. Raf1 Rf8 24. Qh3 $1 {/\ Rh5} f6 25. R5f3 Rf7 26. Qe6 Nf8 27. Nxf6+ $1 Bxf6
28. Qd5 $1 {1-0 Svidler,P-Rodriguez,A/Linares op 1994}) (13. Qe1 Be6 14. Nd4
Rfe8 15. Rd1 Bf8 16. Nxe6 fxe6 17. h3 Nfd7 18. Qg3 Rac8 19. Rf2 Qb6 20. Bc1 Ng6
21. Rdf1 Nde5 22. Qe3 Qc6 $13 {Skripchenko,A-Peptan,C/Erevan olw 1996/0-1 (63)}
) 13... Be6 14. Nxe5 (14. a5 Nfg4 15. Bf4 Nxf3 16. Qxf3 Ne5 17. Qg3 Rac8 18.
Be3 Rfe8 19. Bb6 Qd7 20. Bd4 Qd8 21. Nd5 Bh4 22. Qf4 Nxd3 23. cxd3 Qg5 24. Qf3
Qg6 $14 {1-0 Polgar,J-Wojtkiewicz,A/Budapest zt-A 1993 (46)}) 14... dxe5 15.
Qf3 Rad8 16. Rae1 (16. Qg3 $6 Nh5 17. Qh4 Bxg5 18. Qxg5 Nf4 $15) (16. Bxf6 $142
$5 Bxf6 17. Nd5 Bxd5 18. exd5 Rd6 19. a5 $14 {[%cal Gc2c4,Gc4c5,Gb2b4]}) 16...
Ne8 17. Qg3 Bxg5 18. Qxg5 f6 {Now black has a very solid position on the king
side which allows him to play on the queen side and in the center very calmly.}
19. Qh4 (19. Qe3 $142) 19... Rd4 $1 $15 {White's main weakness is the e4 pawn,
therefore, black concentrates his pieces on it! In a few moves every black
piece will find its place when white's continue to struggle in finding any
harmony.} 20. Ra1 {[%cal Gc3e2]} Nd6 21. Qg3 $2 {From this point on black will
do whatever he wants on the board} (21. Ne2 $142 {White must force things
happen because otherwise he'll lose slowly and painfully!} Rb4 22. b3 Qc6 (
22... f5 $2 23. Qe1 $1 a5 24. exf5 Nxf5 25. Rd1 $14) 23. Rad1 Rxe4 24. Bxe4
Nxe4 $15) 21... Nc4 22. Nd1 (22. Bxc4 Bxc4 $17 {[%csl Ge4][%cal Gb7b4,Gc7c6,
Gc6e4] There are no defenders left for the e4 pawn.}) 22... Nb6 $1 23. Nc3 {
White has really nothing to do when black places his pieces to best positions!}
(23. a5 Nc4 {[%csl Ga5][%cal Gc4d6]}) 23... Qc6 {Black creates another
weakness (a5).} 24. a5 Nc4 25. Bxc4 $8 (25. Ra2 Nd2 $19 {[%cal Ge6a2]}) (25. b4
Nd2 $19) 25... Qxc4 26. Qe1 Qb4 27. Qc1 Qd6 $1 {Now, when white pieces are
tied up black queen gets back and takes control over the only open file.} 28.
Rf2 Rd8 29. Qg1 (29. Qe3 Qb4 30. Qc1 Bf7 $19 {[%cal Gf7g6]}) 29... Bd7 30. h3
Bc6 31. Re2 {It's really amazing how hopeless white's position is!} Qb4 32. Qc1
Bxe4 $19 33. Nxe4 Rxe4 34. c3 Qc4 {The tragic part is that losing a pawn
didn't improve white's pieces' position!} 35. Rd2 Rd3 36. Ra4 (36. Rxd3 Qxd3
$19) 36... Rxh3+ 37. gxh3 Qxa4 38. Rd8+ {White's first active action in this
game!} Kf7 39. Qd2 Qc6 40. Kh2 h6 41. b3 Rf4 42. Qd7+ Qxd7 43. Rxd7+ Kg6 44.
Rxb7 e4 45. Ra7 Kf5 46. Rxg7 {The matirial is even but there not much that
white can do with his king on h2.} e3 47. Rg1 Ke4 48. Kg3 Rf3+ 49. Kg2 Rf2+ 50.
Kg3 f5 0-1

[Event "Olomouc After GP Mladi"]
[Site "Olomouc"]
[Date "1997.??.??"]
[Round "9"]
[White "Votava, Jan"]
[Black "Stohl, Igor"]
[Result "1/2-1/2"]
[WhiteElo "2515"]
[BlackElo "2565"]
[Annotator "Gershon,A"]
[PlyCount "96"]
[EventDate "1997.08.05"]
[EventType "tourn"]
[EventRounds "11"]
[EventCountry "CZE"]
[EventCategory "10"]
[SourceTitle "CBM 061"]
[Source "ChessBase"]
[SourceDate "1997.11.23"]
[SourceVersion "1"]
[SourceVersionDate "1997.11.23"]
[SourceQuality "1"]

1. e4 c5 2. Nf3 d6 3. d4 cxd4 4. Nxd4 Nf6 5. Nc3 a6 6. f4 e5 7. Nf3 Nbd7 8. a4
Be7 9. Bd3 O-O 10. O-O exf4 11. Kh1 Nh5 12. Nd5 (12. Nd4 $5 g6 (12... Ndf6 13.
Be2 (13. Nf5 $5 g6 14. Nxe7+ Qxe7 15. Bxf4 Nxf4 16. Rxf4 Be6 17. Qe2 Rac8 18.
e5 Nd5 19. Nxd5 Bxd5 20. Rd4 Bc6 21. exd6 $16 {Dvoirys,S-Averchenko,S/Russia
Cup 1997/1-0 (69)}) 13... g6 14. Nf5 (14. Bxh5 Nxh5 15. Nd5 Nf6 (15... Bg5 $5
16. Qf3 Bd7 17. Ne2 Bc6 18. Nexf4 Nxf4 19. Bxf4 Bxd5 20. exd5 Rc8 21. c3 Bxf4
22. Qxf4 Rc7 23. Rae1 Re7 24. h3 {1/2-1/2 Polgar,J-Gelfand,B/It, Linares ESP
1997}) 16. Bxf4 Nxd5 17. exd5 Bf6 18. Bh6 Re8 19. Qf3 Bxd4 20. Qxf7+ Kh8 {
0-1 Delchev,A-Psakhis,L/Andorra 1996 (27)} 21. Rae1 $1 Rxe1 22. Rxe1 Bf5 23. c3
Qg8 24. Qxg8+ Rxg8 25. cxd4 $16 {[%csl Gh8]}) 14... Be6 15. Nxe7+ Qxe7 16. b3 {
[%cal Gb2h8]} Rac8 17. Qd4 Bg4 $6 18. Nd5 Qe5 19. Qxe5 dxe5 20. Bxg4 Nxg4 21.
Ne7+ $18 {1/2-1/2 Bielczyk,J-Wojtkiewicz,A/POL-chT Lubniewice 1995 (63)}) 13.
Nf5 Bg5 14. Be2 Ndf6 15. Nxd6 Qe7 16. Nxc8 Raxc8 17. Bd3 Rfe8 18. Qf3 Qe5 19.
Bd2 Kg7 20. Rae1 Bh6 21. Nd5 g5 22. g4 $14 {1-0 Dvoirys,S-Sotnikov,I/RUS-chT
Moscow 1994 (31)}) (12. Ne1 Ndf6 13. Be2 g6 14. Nd3 Be6 15. Nxf4 Nxf4 16. Bxf4
Rc8 17. Qd4 d5 18. e5 Bc5 19. Qd3 Bf5 20. Qf3 Ne4 $15 {Delchev,A-Ubilava,E/
Andorra op 1997/1/2-1/2 (70)}) 12... Nc5 (12... Bf6 $6 13. Ng1 g6 14. Be2 Ng7
15. Bxf4 Be5 16. Qd2 Ne6 17. Bxe5 dxe5 18. Rad1 Kg7 19. Bg4 Nd4 20. c3 Nb3 21.
Qf2 $16 {1-0 Polzin,R-Kempinski,R/BL2-N 1996 (38)}) 13. Nd4 (13. Nxf4 Nxf4 14.
Bxf4 Bd7 15. c3 Qb6 16. b4 Nxd3 17. Qxd3 Rfe8 18. Be3 Qc7 19. Bd4 b5 20. a5 Bc6
21. Qe3 Bf8 $17 {[%csl Ge4] Prasad,D-Rytshagov,M/Erevan olm 1996/0-1 (50)})
13... Nf6 (13... g6 14. Nxf4 Nxf4 15. Bxf4 Bg5 16. Qd2 Bxf4 17. Qxf4 Ne6 18.
Qf2 Nxd4 19. Qxd4 Be6 20. a5 Rc8 21. b4 Qc7 22. Rac1 Qc3 23. Qb6 Qc7 24. Qa7
Bc4 25. Rcd1 Bxd3 26. cxd3 Qe7 $10 {= Dvoirys,S-Shneider,A/Podolsk 1993}) 14.
Rxf4 $6 $146 {After this white struggles to get his queen side pieces out to
the battle field.} (14. Bxf4 Nxd5 15. exd5 Bf6 {1/2-1/2 Svidler,P-Savon,V/
S-Peterburg GM 1994}) 14... Nxd5 15. exd5 Bg5 16. Rf3 Bf6 17. Nf5 (17. Bf5 $6
g6 18. Bxc8 Rxc8 $15) 17... Re8 {[%csl Gb2,Gh1][%cal Gc5d3,Ge8e1] White has
some problems with the first rank, and it's not an easy task to solve them
because white has difficulties in developing his dark-squared bishop since he
has to defend the b2 pawn.} 18. Ra3 $5 (18. Qf1 Nxd3 19. Qxd3 Bxf5 20. Rxf5
Re1+ 21. Rf1 Qe7 $17) (18. c3 Nxd3 19. Qxd3 Re1+ 20. Rf1 Bxf5 21. Qxf5 Qe7 22.
Bf4 Re2 $17) 18... Bxf5 $2 (18... Nxd3 $142 19. Raxd3 (19. Qxd3 Re1+ 20. Rf1
Bxf5 21. Qxf5 Rxc1 22. Rxc1 Bxb2 $19) 19... Bxf5 20. Rxf5 Qa5 $17) 19. Bxf5 g6
20. b4 $1 {Now white is able to solve his development problems.} Ne4 21. Bxe4
Rxe4 22. Rf1 {[%csl Gf7][%cal Ga3f3]} Bg5 23. Bb2 Qe7 (23... Rxb4 $2 {[%cal
Gb2h8]} 24. Rb3 (24. Ba1 Re4 25. Raf3 f5 26. Qb1 b6 27. Qb2 Re5 28. Qb3 Re2 29.
Qc3 Re5 $11) (24. Bd4 Qe7 25. Raf3 Rxa4 26. Rxf7 Qxf7 27. Rxf7 Kxf7 28. Qf3+
Kg8 29. Qe4 $14) 24... Rxb3 25. cxb3 Qe7 26. Qd4 f6 27. h4 Qe2 (27... Bh6 28.
Qxf6 Qxf6 29. Bxf6 Rf8 30. Rf3 $11) 28. Rxf6 Qe1+ 29. Kh2 Qxh4+ 30. Qxh4 Bxh4
31. Rxd6 $16) 24. Raf3 f5 25. Qd3 Rc8 26. Bd4 Qc7 27. c3 Qc4 28. Qxc4 Rxc4 {
At the first sight black seems to be better since white pawns (c3,b4,d5) seem
to be weak, but as a compensation for these black's king need protection and
once the f file is opened white rooks will become very dangerous.} 29. h3 Rc8
30. g4 fxg4 31. Rf7 Re7 32. Rxe7 Bxe7 33. hxg4 Bg5 $14 {[%csl Gc3,Gd6]} 34. Re1
Kf7 35. Re6 Be7 36. a5 Re8 37. Kg2 Bf8 38. Rf6+ Kg8 39. Kf3 Re1 40. Re6 {
Otherwise not clear how can white break through.} Rxe6 41. dxe6 Be7 42. Ke4 (
42. c4 h5 43. gxh5 gxh5 44. c5 (44. b5 Kh7 $11) 44... Kf8 45. Ke4 h4 46. Kd5 h3
47. Bg1 dxc5 48. bxc5 Bd8 49. Kd6 Ke8 $17) (42. Kf4 h5 43. g5 d5 44. Ke5 (44.
Bc5 Bxc5 45. bxc5 Kf8 46. Ke5 Ke7 47. Kxd5 h4 48. Ke4 Kxe6 $19) 44... Bxg5 45.
Kxd5 h4 46. Kd6 h3 47. Be5 Kf8 48. Kc7 Ke7 49. Kxb7 Kxe6 50. Bh2 Bh4 51. Kxa6
g5 52. b5 g4 53. b6 g3 54. b7 gxh2 55. b8=Q h1=Q $17) 42... h5 43. gxh5 gxh5
44. Kd5 h4 45. Bf2 Kf8 46. Bxh4 Bxh4 47. Kxd6 Ke8 48. Kc7 Be1 (48... Be1 49.
Kxb7 Bxc3 50. Kxa6 Bxb4 $11) 1/2-1/2